Kariéra s HN

Z obsahu prílohy: Ako byť úspešný a zároveň zdravý (1). Efektívny personálny manažér. Deväť mesiacov vo Veľkej Británii. Ponuka Stredoeurópskej univerzity.

Na minha lista:
Detalhes bibliográficos
Autor principal: Kuzmišin, Peter
Formato: Capítulo de Livro
Idioma:eslovaco
Assuntos:
Tags: Adicionar Tag
Sem tags, seja o primeiro a adicionar uma tag!

MARC

LEADER 00000naa a2200000 4500
001 r022087
005 20230801110053.7
041 0 |a slo 
044 |a SK 
245 1 0 |a Kariéra s HN  |c P. Kuzmišin 
520 |a Z obsahu prílohy: Ako byť úspešný a zároveň zdravý (1). Efektívny personálny manažér. Deväť mesiacov vo Veľkej Británii. Ponuka Stredoeurópskej univerzity. 
610 2 0 |a Slovensko 
610 2 0 |a Veľká Británia 
610 2 0 |a kariéra 
610 2 0 |a manažéri 
610 2 0 |a Stredoeurópska univerzita 
610 2 0 |a manažment personálny 
100 1 |a Kuzmišin, Peter